=LDR 00000nam 2200000 4500 =001 INLIS000000000020033 =005 20161013143319.0 =006 =007 =008 Ind =035 ##$$0010-061300000020033 =041 ##$$a Ind =082 ##$$a 346 =090 ##$$a 346 Mul k =100 ##$$a Mulyadi, Kartini =245 ##$$a Kebendaan pada umumnya, Kartini Mulyadi, Gunawan Widjaj =260 ##$$a 2005 $b Jakarta =300 ##$$a vi, 237 hlm, 21 cm =650 ##$$a Hukum perdata =850 ##$$a NBPNMAT =990 ##$$a 21400613/BPAP-NTB/20142014 =990 ##$$a 0001/BPAP-NTB/2016 =990 ##$$a 21603210/BPAP-NTB/2017 =990 ##$$a 21603210/BPAP-NTB/2017